| 000 | 00463nam a22001577a 4500 | ||
|---|---|---|---|
| 020 | _a9781498704298 | ||
| 082 |
_a614.1 _bPAY |
||
| 100 |
_aPayne-James, Jason _9113315 |
||
| 245 |
_aSimpson's Forensic Medicine / _cJason Payne-James & Richard Jones |
||
| 250 | _a14th Edition. | ||
| 260 |
_aBoca Raton : _bCRC Press Taylor & Francis Group, _c2020. |
||
| 300 |
_a343 p. ; _c25 cm. |
||
| 563 | _aPBK. | ||
| 650 |
_aMedical jurisprudence _9100519 |
||
| 942 |
_2ddc _cBK |
||
| 999 |
_c595075 _d595075 |
||